| 000 | 00754 aa a2200217 4500 | ||
|---|---|---|---|
| 999 |
_c63112 _d63112 |
||
| 005 | 20190418115311.0 | ||
| 010 | _a | ||
| 020 |
_c135.00 _a |
||
| 035 | _aB-146788, B-146827 | ||
| 037 |
_b _adpl |
||
| 082 | _a230.42 | ||
| 100 | _aत्यागी, बी.एस. | ||
| 245 |
_aसाधना से शान्ति और प्रभु प्राप्ति कैसे ? / _cबी.एस. त्यागी |
||
| 246 | _a | ||
| 260 |
_aदिल्ली _bबी.एस. त्यागी _cव.अ. |
||
| 260 | _a | ||
| 300 |
_a106पृ _c22 सेमी (सजिल्द) |
||
| 650 | _aStatistic | ||
| 700 |
_aओझा, एन.एन. _942439 |
||
| 942 |
_adpl _cHN _k _2ddc _h230.42 _mत्यागी |
||